| 000 | 00933nam a22002417a 4500 | ||
|---|---|---|---|
| 001 | 4988 | ||
| 003 | FISKH | ||
| 005 | 20241030123705.0 | ||
| 008 | 241030b cb ||||| |||| 00| 0 eng d | ||
| 020 | _a9780817249359 | ||
| 040 |
_aFISKH _beng _cFISKH _dFISKH |
||
| 050 | _aTD365.M35 | ||
| 082 | _a363.739 | ||
| 100 | _aMcLeish, Ewan | ||
| 245 |
_aKeeping Water Clean / _cby Ewan McLeish |
||
| 260 |
_aTexas : _bSteck-Vaghn Company ; _c1998 . |
||
| 300 |
_a48 pages : _bcolor illustrations, maps ; _c29 cm . |
||
| 490 | _aProtecting Our Planet | ||
| 520 | _aPart of a series of books that provides a world wide survey of many environmental themes, reflecting the concerns of today. This book explains how environments are affected by human interference, as well as the benefits people gain by exploiting their environments. | ||
| 650 |
_aWater quality management _vJuvenile Literature |
||
| 942 |
_2ddc _cBK _n0 |
||
| 999 |
_c4988 _d4988 |
||